Mississippi Counties Quiz - Statistics

General Stats
  • This quiz has been taken 20,073 times
  • The average score is 48 of 82
Answers on the Map
Answers color-coded by a green-red scale on the quiz's map according to % correct below.
 
Answer Stats
County % Correct
Jackson
87%
Jefferson
82%
Madison
79%
Washington
79%
Adams
77%
Lee
74%
Harrison
72%
Jefferson Davis
71%
Lincoln
70%
Monroe
70%
DeSoto
68%
Greene
68%
Hinds
68%
Yazoo
67%
Franklin
65%
Clay
64%
Rankin
63%
Forrest
62%
Hancock
62%
Jones
62%
Pearl River
62%
Sunflower
62%
Warren
62%
Alcorn
61%
Clarke
61%
Choctaw
60%
Union
60%
Benton
59%
Lafayette
59%
Pike
59%
Marshall
58%
Montgomery
58%
Smith
58%
Tunica
58%
Wayne
58%
Amite
57%
Chickasaw
57%
George
57%
Marion
57%
Stone
57%
Tishomingo
57%
Bolivar
56%
Calhoun
56%
Holmes
56%
Issaquena
56%
Jasper
56%
Lauderdale
56%
Lamar
55%
Perry
55%
Sharkey
55%
Tate
55%
Attala
54%
Carroll
54%
Lowndes
54%
Newton
54%
Copiah
53%
Grenada
53%
Itawamba
53%
Lawrence
53%
Scott
53%
Leflore
52%
Oktibbeha
52%
Noxubee
51%
Panola
51%
Prentiss
51%
Quitman
51%
Simpson
51%
Tippah
51%
Claiborne
50%
Kemper
50%
Webster
50%
Wilkinson
50%
Leake
49%
Neshoba
49%
Pontotoc
49%
Walthall
49%
Yalobusha
49%
Coahoma
48%
Humphreys
48%
Tallahatchie
48%
Winston
48%
Covington
47%
No matching quizzes found
Score Distribution
Percent of People with Each Score
Percentile by Number Answered
Your Score History
You have not taken this quiz